00829cam a22003972 4500001001100000005001700011008004100028020001700069040001500086100003900101245009200140250001300232260003200245300002100277650004200298700003400340852000300374852000300377852000300380852000300383852000300386852000300389852000300392852000300395852000300398852000300401852000300404852000300407852000300410852000300413852000300416852000300419852000300422852000300425852000300428000002085320151217154445.0111024s xx 000 0 eng d a0199249411 : aKABUcKABU1 aAtiyah, Patrick Selim.@000018146910aAtiyah's introduction to the law of contract /cPatrick Selim Atiyah, Stephen A. Smith. a6th ed. aOxford :bClarendon,c2006. axxxviii, 441 p. 0aContractszGreat Britain.@00001569581 aSmith, Stephen A.@00001814701 1 1 1 1 1 1 1 1 1 1 1 1 1 1 1 1 1 1